Azerbaijani Cities - Sudden Death - Statistics

General Stats
  • This quiz has been taken 79 times
  • The average score is 8 of 20
Answers on the Grid
Answers color-coded by a green-red scale on the quiz's grid according to % correct below.
Aktau
Baku
Batumi
Burgas
Debrecen
Faisalabad
Ganja
Haifa
Horadiz
Isfahan
Jeddah
Kalbajar
Karbala
Khachmaz
Kokand
Koper
Kutaisi
Lachin
Lankaran
Lerik
Meknes
Mingachevir
Naftalan
Nakhchivan
Nukus
Ordubad
Osh
Patras
Quba
Sabirabad
Shamakhi
Shamkir
Shiraz
Shusha
Sivas
Tartus
Tovuz
Varna
Zaqatala
Zangilan
 
Answer Stats
Answer % Correct
Baku
96%
Ganja
53%
Nakhchivan
49%
Kalbajar
44%
Quba
44%
Lachin
42%
Shusha
42%
Khachmaz
40%
Lankaran
40%
Mingachevir
40%
Shamkir
40%
Naftalan
38%
Shamakhi
38%
Lerik
36%
Ordubad
36%
Tovuz
36%
Zangilan
36%
Zaqatala
36%
Horadiz
33%
Sabirabad
29%
No matching quizzes found
Score Distribution
Percent of People with Each Score
Percentile by Number Answered
Your Score History
You have not taken this quiz